All Monsters in My Singing Monsters (4/19/23) - Statistics

General Stats
  • This quiz has been taken 935 times
    534 since last reset
  • The average score is 79 of 198
Answer Stats
Monster % Correct
Toe Jammer
88%
Noggin
84%
Mammott
83%
Potbelly
81%
Tweedle
79%
Maw
74%
Re
74%
Entbrat
71%
Furcorn
71%
Bowgart
70%
Kayna
70%
Mi
69%
Drumpler
68%
Fwog
68%
La
68%
PomPom
68%
Ti
68%
Do
67%
Fa
67%
Oaktopus
67%
T-Rox
67%
Dandidoo
66%
Deedge
66%
Clamble
64%
Ghazt
64%
Shrubb
64%
Riff
63%
Wubbox
63%
Cybop
62%
Pummel
62%
G'joob
61%
Quibble
61%
Sol
61%
Pango
60%
Shellbeat
59%
Shugabush
59%
Spunge
59%
Thumpies
59%
Quarrister
58%
Flowah
57%
Hoola
57%
Congle
54%
Punkleton
53%
Scups
53%
Grumpyre
52%
Reedling
52%
Glowl
51%
Gob
51%
Yool
51%
Floot Fly
50%
Stogg
50%
Strombonin
50%
Reebro
49%
Tring
49%
Yawstrich
48%
Hyehehe
47%
Phangler
47%
Jeeode
46%
Theremind
46%
Barrb
45%
Blabbit
45%
Boskus
45%
Clackula
44%
Humbug
44%
Sooza
44%
Wynq
44%
Fluoress
43%
Shugabass
43%
Brump
42%
Shugavox
42%
Tawkerr
42%
Thrumble
42%
Whaddle
42%
Gnarls
41%
Bowhead
40%
Rootitoot
40%
Sneyser
40%
Woolabee
40%
Zynth
40%
Anglow
39%
Floogull
39%
Parlsona
39%
Repatillo
39%
Whisp
39%
Spurrit
38%
Yelmut
38%
Candelavra
37%
Drummidary
37%
Bonkers
36%
Gobbleygourd
36%
Maggpi
36%
Pladdie
36%
Schmoochle
36%
Sox
36%
Ziggurab
36%
Blow't
35%
Flum Ox
35%
Gloptic
35%
Monculus
35%
PongPing
35%
Shugabeats
35%
Boo'qwurm
34%
Jam Boree
34%
Nebulob
34%
TooToo
34%
Tuskski
34%
Clavavera
33%
Edamimi
33%
Enchantling
33%
Rooba
33%
Shugajo
33%
Shugitar
33%
Stoowarb
33%
Whiz-Bang
33%
Cherubble
32%
Krillby
32%
Poewk
32%
Poppette
32%
Tiawa
32%
Dragong
31%
Jellbilly
31%
Spytrap
31%
Bisonorus
30%
Bulbo
30%
Cranchee
30%
Fung Pray
30%
G'day
30%
HippityHop
30%
Incisaur
30%
Plinkajou
30%
Shugarock
30%
Withur
30%
Bellowfish
29%
Bona-Petite
29%
Boodoo
29%
Denchuhs
29%
Dwumrohl
29%
Viveine
29%
Whajje
29%
Yuggler
29%
Arackulele
28%
Banjaw
28%
Bleatnik
28%
Pixolotl
28%
Screemu
28%
Tapricorn
28%
Xyster
28%
Clavi Gnat
27%
Ffidyll
27%
Fiddlement
27%
Periscorp
27%
Pinghound
27%
Pluckbill
27%
Thwok
27%
Tympa
27%
Wimmzies
27%
Bridg-It
26%
Dermit
26%
Hawlo
26%
Zuuker
26%
Cantorell
25%
Carillong
25%
Galvana
25%
Gheeghur
25%
Peckidna
25%
shLep
25%
Squot
25%
Attmoz
24%
Blipsqueak
24%
Cataliszt
24%
Fleechwurm
24%
Kazilleon
24%
Maulch
24%
Scargo
24%
Shugabuzz
24%
Sporerow
24%
Uuduk
24%
Wheezel
24%
Astropod
23%
Cahoot
23%
Knucklehead
23%
Roarick
23%
Creepuscule
22%
Deja-Jin
22%
Glaishur
21%
Hornacle
21%
Mushaboom
21%
Osstax
21%
Plixie
21%
Torrt
21%
Blasoom
20%
Furnoss
20%
Loodvigg
20%
Scaratar
20%
Larvaluss
19%
Vhamp
19%
Frondley
18%
Syncopite
18%
No matching quizzes found
Score Distribution
Percent of People with Each Score
Percentile by Number Answered
Your Score History
You have not taken this quiz since the last reset